100 największych miast we Francji! - Statystyki

Ogólne statystyki
  • Ten quiz został rozwiązany 473 razy
  • Średni wynik to 29 z 100
Statystyki odpowiedzi
Nr Miasta Regiony Ludność % Poprawnych
1 Paryż / Paris Île-de-France 2 165 423
100%
2 Marsylia / Marseille Prowansja-Alpy-Lazurowe Wybrzeże 870 731
97%
3 Lyon Owernia-Rodan-Alpy 522 969
96%
9 Bordeaux Nowa Akwitania 260 958
88%
5 Nicea / Nice Prowansja-Alpy-Lazurowe Wybrzeże 342 669
86%
10 Lille Hauts-de-France 234 475
85%
4 Tuluza / Toulouse Oksytania 493 465
83%
8 Strasbourg Grand Est 287 228
81%
6 Nantes Kraj Loary 318 808
80%
25 Brest Bretania 139 926
75%
7 Montpellier Oksytania 295 542
72%
11 Rennes Bretania 220 488
71%
12 Reims Grand Est 181 194
63%
17 Dijon Burgundia-Franche-Comté 158 002
62%
16 Grenoble Owernia-Rodan-Alpy 158 198
58%
14 Saint-Étienne Owernia-Rodan-Alpy 173 821
58%
32 Metz Grand Est 118 489
54%
18 Angers Kraj Loary 155 850
52%
36 Rouen Normandia 112 321
52%
15 Le Havre Normandia 168 290
50%
27 Amiens Hauts-de-France 134 706
48%
69 Calais Hauts-de-France 72 509
47%
67 Cannes Prowansja-Alpy-Lazurowe Wybrzeże 74 545
47%
21 Nîmes Oksytania 148 561
46%
40 Caen Normandia 106 230
44%
41 Nancy Grand Est 105 058
43%
22 Clermont-Ferrand Owernia-Rodan-Alpy 147 865
40%
24 Le Mans Kraj Loary 143 847
40%
34 Orléans Centralny-Dolina Loary 116 269
40%
19 Saint-Denis Reunion 153 810
40%
35 Saint-Denis Île-de-France 112 852
40%
56 Wersal / Versailles Île-de-France 84 808
40%
26 Tours Centralny-Dolina Loary 137 087
39%
13 Toulon Prowansja-Alpy-Lazurowe Wybrzeże 178 745
38%
74 Ajaccio Korsyka 71 361
37%
33 Besançon Burgundia-Franche-Comté 117 912
33%
28 Limoges Nowa Akwitania 130 876
33%
100 Lorient Bretania 57 246
33%
91 Troyes Grand Est 61 957
33%
31 Perpignan Oksytania 119 344
32%
49 Poitiers Nowa Akwitania 89 212
32%
48 Avignon Prowansja-Alpy-Lazurowe Wybrzeże 91 143
31%
29 Annecy Owernia-Rodan-Alpy 130 721
30%
65 Pau Nowa Akwitania 75 627
26%
23 Aix-en-Provence Owernia-Rodan-Alpy 145 133
25%
54 Dunkerque Hauts-de-France 86 279
25%
62 La Rochelle Nowa Akwitania 77 205
25%
82 Cayenne Gujana Francuska 65 493
24%
75 Colmar Grand Est 68 682
22%
20 Villeurbanne Owernia-Rodan-Alpy 152 212
21%
39 Mulhouse Grand Est 108 312
20%
85 Bourges Centralny-Dolina Loary 64 541
17%
84 Valence Owernia-Rodan-Alpy 64 749
17%
30 Boulogne-Billancourt Île-de-France 121 583
16%
45 Nanterre Île-de-France 96 277
16%
38 Argenteuil Île-de-France 111 038
15%
37 Montreuil Île-de-France 111 240
15%
68 Antibes Prowansja-Alpy-Lazurowe Wybrzeże 73 438
14%
61 Béziers Oksytania 78 308
14%
98 Chambéry Owernia-Rodan-Alpy 58 917
14%
97 Niort Nowa Akwitania 59 193
14%
43 Roubaix Hauts-de-France 98 828
14%
42 Saint-Paul Reunion 103 208
14%
55 Saint-Pierre Reunion 84 982
13%
88 Clichy Île-de-France 63 089
12%
64 Fort-de-France Martynika 76 512
11%
87 Quimper Bretania 63 283
11%
93 Montauban Oksytania 61 372
10%
73 Saint-Nazaire Kraj Loary 71 394
10%
58 Le Tampon La Réunion 79 824
8%
46 Vitry-sur-Seine Île-de-France 95 510
8%
47 Nouméa Nowa Kaledonia 94 285
7%
90 Antony Île-de-France 62 760
6%
70 Drancy Île-de-France 72 376
5%
72 Mamoudzou Majotta 71 437
5%
71 Mérignac Nowa Akwitania 72 197
5%
83 Pessac Nowa Akwitania 65 245
5%
44 Tourcoing Hauts-de-France 98 656
5%
92 Villeneuve-d'Ascq Hauts-de-France 61 957
5%
50 Aubervilliers Île-de-France 88 948
4%
81 Cergy Île-de-France 65 911
4%
96 Sarcelles Île-de-France 59 196
4%
53 Colombes Île-de-France 86 534
3%
57 Courbevoie Île-de-France 81 558
3%
86 Ivry-sur-Seine Île-de-France 63 748
3%
89 La Seyne-sur-Mer Prowansja-Alpy-Lazurowe Wybrzeże 62 987
3%
95 Neuilly-sur-Seine Île-de-France 59 599
3%
94 Pantin Île-de-France 59 846
3%
51 Asnières-sur-Seine Île-de-France 87 143
2%
52 Aulnay-sous-Bois Île-de-France 86 969
2%
63 Champigny-sur-Marne Île-de-France 76 990
2%
59 Cherbourg-en-Cotentin Normandia 78 549
2%
99 Le Blanc-Mesnil Île-de-France 57 498
2%
80 Levallois-Perret Île-de-France 66 082
2%
77 Noisy-le-Grand Île-de-France 67 871
2%
60 Rueil-Malmaison Île-de-France 78 317
2%
78 Vénissieux Owernia-Rodan-Alpy 67 285
2%
79 Évry-Courcouronnes Île-de-France 66 851
1%
76 Issy-les-Moulineaux Île-de-France 67 981
1%
66 Saint-Maur-des-Fossés Île-de-France 74 976
1%
Nie znaleziono quizów pasujących do podanych kryteriów
Rozkład punktacji
Procent ludzi z każdym wynikiem
Percentyl według liczby udzielonych odpowiedzi
Twoja historia wyników
Nie rozwiązałeś tego quizu